The Letters and Diaries of John Henry Newman / (Record no. 26217)
[ view plain ]
| 000 -LEADER | |
|---|---|
| fixed length control field | 00813nam a22002292 b4500 |
| 001 - CONTROL NUMBER | |
| control field | 26217 |
| 003 - CONTROL NUMBER IDENTIFIER | |
| rucl marc code | BD-RjUL |
| 005 - DATE AND TIME OF LATEST TRANSACTION | |
| control field | 20211209051003.0 |
| 008 - FIXED-LENGTH DATA ELEMENTS--GENERAL INFORMATION | |
| fixed length control field | 140320s1970 vau 001 2 eng d |
| 035 ## - SYSTEM CONTROL NUMBER | |
| System control number | (BD-RjUL)26287 |
| 040 ## - CATALOGING SOURCE | |
| Original cataloging agency | BIP US |
| Modifying agency | WaSeSS |
| -- | BD-RjUL |
| Language of cataloging | eng |
| Transcribing agency | BIP US |
| 041 ## - LANGUAGE CODE | |
| Language code of text/sound track or separate title | eng |
| 082 ## - DEWEY DECIMAL CLASSIFICATION NUMBER | |
| Edition number | 22 |
| Classification number | 826.8 |
| Author mark and year | LET V-20 1970 |
| 100 1# - MAIN ENTRY--PERSONAL NAME | |
| Personal name | Newman, John Henry |
| Dates associated with a name | 1801-1890 |
| 9 (RLIN) | 80598 |
| 245 14 - TITLE STATEMENT | |
| Title | The Letters and Diaries of John Henry Newman / |
| Statement of responsibility, etc. | John Henry Newman, Cardinal; Charles Stephen Dessain |
| Number of part/section of a work | Volume XX |
| Name of part/section of a work | Standing firm amid trials, July 1861 to December 1863 |
| 260 ## - PUBLICATION, DISTRIBUTION, ETC. (IMPRINT) | |
| Place of publication, distribution, etc. | London : |
| Name of publisher, distributor, etc. | Forestry Commission, |
| Date of publication, distribution, etc. | c1970. |
| 300 ## - PHYSICAL DESCRIPTION | |
| Pagination | xv, 609 p. ; |
| Size | 25 cm. |
| 504 ## - BIBLIOGRAPHY, ETC. NOTE | |
| Bibliography, etc | Includes index. |
| 506 ## - RESTRICTIONS ON ACCESS NOTE | |
| Terms governing access | License restrictions may limit access. |
| 600 10 - SUBJECT ADDED ENTRY--PERSONAL NAME | |
| Personal name | Newman, John Henry, |
| Dates associated with a name | 1801-1890 |
| 942 ## - ADDED ENTRY ELEMENTS (KOHA) | |
| Source of classification or shelving scheme | Dewey Decimal Classification |
| Koha item type | Books |
| Lost status | Source of classification or shelving scheme | Damaged status | Not for loan | Collection code | Permanent Location | Current Location | Shelving location | Date acquired | Source of acquisition | Cost, normal purchase price | Total Checkouts | Full call number | Date last seen | Copy number | Koha item type |
|---|---|---|---|---|---|---|---|---|---|---|---|---|---|---|---|
| Dewey Decimal Classification | Added to bundle | Non-fiction | Central Library, University of Rajshahi | Central Library, University of Rajshahi | Reading Room | 22/09/1971 | Zitlinger | 135.00 | 826.8 LET V-20 1970 | 20/03/2014 | C-1 | Books | |||
| Dewey Decimal Classification | Not For Loan | Non-fiction | Central Library, University of Rajshahi | Central Library, University of Rajshahi | Reading Room | 05/07/2025 | 826.8 LET V-17 1966 | 05/07/2025 | C-1 | Books | |||||
| Dewey Decimal Classification | Not For Loan | Non-fiction | Central Library, University of Rajshahi | Central Library, University of Rajshahi | Reading Room | 05/07/2025 | 826.8 LET V-18 1968 | 05/07/2025 | C-1 | Books | |||||
| Dewey Decimal Classification | Not For Loan | Non-fiction | Central Library, University of Rajshahi | Central Library, University of Rajshahi | Reading Room | 05/07/2025 | 826.8 LET V-14 1964 | 05/07/2025 | C-1 | Books |